000
00255nam a22000977a 4500
999
_c
11610
_d
11610
008
190820b ||||| |||| 00| 0 eng d
020
_a
9780143118237
100
_a
Mortenson Greg
_9
4666
245
_a
Stones into the School
260
_a
USA
_b
Penguin Books
_c
2009